2019 NBA All Star Rosters - Statistics

General Stats
  • This quiz has been taken 342 times
  • The average score is 18 of 26
Answer Stats
Number` Player % Correct
23 LeBron James
98%
30 Stephen Curry
96%
35 Kevin Durant
95%
13 James Harden
92%
23 Anthony Davis
87%
11 Kyrie Irving
83%
0 Russell Westbrook
83%
13 Paul George
81%
2 Kawhi Leonard
79%
0 Damian Lillard
78%
34 Giannis Antetokounmpo
78%
11 Klay Thompson
76%
21 Joel Embiid
74%
41 Dirk Nowitzki
71%
15 Nikola Jokic
69%
3 Dwayne Wade
60%
7 Kyle Lowry
58%
15 Kemba Walker
57%
32 Karl Anthony-Towns
56%
25 Ben Simmons
54%
3 Bradley Beal
54%
23 Blake Griffin
51%
22 Khris Middleton
47%
1 D'Angelo Russell
40%
9 Nikola Vucevic
37%
12 LaMarcus Aldrige
6%
No matching quizzes found
Score Distribution
Percent of People with Each Score
Percentile by Number Answered
Your Score History
You have not taken this quiz